000
00309nam a22001337a 4500
008
210226b ||||| |||| 00| 0 eng d
020
_a
9781861007865
041
_a
eng
080
_a
004
100
_a
28
101
_a
SHKI
245
_a
Professional ASP.NET Web Forms Techniques
_c
Homer,A
942
_2
udc
_c
BK
999
_c
55286
_d
55286